Visualizzazione normale
Vista MARC
- Maresca F.
di Personal Name
Records bibliografici associati: 1
001 - CONTROL NUMBER
- control field: 18514
003 - CONTROL NUMBER IDENTIFIER
- control field: IT-RoPau
005 - DATE AND TIME OF LATEST TRANSACTION
- control field: 20140404154300.0
008 - FIXED-LENGTH DATA ELEMENTS
- fixed length control field: 140404|| aca||aabn | a|a d
040 ## - CATALOGING SOURCE
- Original cataloging agency: IT-RoPau
- Transcribing agency: IT-RoPau
100 ## - HEADING--PERSONAL NAME
- Personal name: Maresca F.
- Miscellaneous information: Codice autore testo/musica SPICS: 28355
- Relator term: Autore testo/musica
- Name of part/section of a work: Il torero Camomillo
670 ## - SOURCE DATA FOUND
- Source citation: Work cat.: (IT-RoPau)103167: AA.VV. 794, Decimo Zecchino d'Oro